| 000 | 00503cam a22001337a 4500 | ||
|---|---|---|---|
| 008 | 180718b1956 xxu||||| |||| 00| 0 eng d | ||
| 082 | _aF51064 Y32/56 | ||
| 245 |
_aYearbook of the International socialist labour movement, 1956-1957 _cedited by Julius Braunthal |
||
| 260 |
_aLondon _bPublishing Company Limited _c1956 |
||
| 300 | _a528p | ||
| 500 | _aSocialist International and the Asian Socialist Conference | ||
| 650 | _aInternational socialist labour movement-1956-1957 | ||
| 700 | _aBraunthal, Julius | ||
| 999 |
_c426610 _d426610 |
||